Manẓūmah-i muntakhab-i mughān, yā, Nādir-i dawrān (Record no. 50471)

MARC details
000 -LEADER
fixed length control field 00836cam a22002411 4500
001 - CONTROL NUMBER
control field ne 68002213
003 - CONTROL NUMBER IDENTIFIER
control field DLC
005 - DATE AND TIME OF LATEST TRANSACTION
control field 20260227111843.0
008 - FIXED-LENGTH DATA ELEMENTS--GENERAL INFORMATION
fixed length control field 860122s1964 ir acf 001 0 per
010 ## - LIBRARY OF CONGRESS CONTROL NUMBER
LC control number ne 68002213
035 ## - SYSTEM CONTROL NUMBER
System control number (OCoLC)13049870
040 ## - CATALOGING SOURCE
Original cataloging agency DLC
Transcribing agency TxU
Modifying agency TxU
-- DLC
042 ## - AUTHENTICATION CODE
Authentication code premarc
050 00 - LIBRARY OF CONGRESS CALL NUMBER
Classification number PK6561.F27
Item number M3
100 2# - MAIN ENTRY--PERSONAL NAME
Personal name Faṣīḥī Tihrānī, Z̲abīh Allāh.
245 10 - TITLE STATEMENT
Title Manẓūmah-i muntakhab-i mughān, yā, Nādir-i dawrān
Statement of responsibility, etc. as̲ar-i Z̲abīh Allāh Faṣīḥī Tihrānī.
260 ## - PUBLICATION, DISTRIBUTION, ETC.
Place of publication, distribution, etc. Tihrān,
Name of publisher, distributor, etc. Mūʼassasah-ʼi maṭbūʻātī-i Ashrafī,
Date of publication, distribution, etc. 1343 [1964]
300 ## - PHYSICAL DESCRIPTION
Extent 21, 667 p.
Other physical details illus., col. plates, ports. (part col.)
Dimensions 22 cm.
500 ## - GENERAL NOTE
General note Includes indexes.
600 00 - SUBJECT ADDED ENTRY--PERSONAL NAME
Personal name Nādir Shāh,
Titles and other words associated with a name Shah of Iran,
Dates associated with a name 1688-1747
Form subdivision Poetry.
740 0# - ADDED ENTRY--UNCONTROLLED RELATED/ANALYTICAL TITLE
Uncontrolled related/analytical title Muntakhab-i mughān.
740 0# - ADDED ENTRY--UNCONTROLLED RELATED/ANALYTICAL TITLE
Uncontrolled related/analytical title Nādirdawrān.

No items available.

Powered by Koha